Liste des fruits naturellement secs - Statistiques

Statistiques générales
  • Ce quiz a été pris 192 fois
  • Le résultat moyen est 7 sur 12
Statistiques - réponses
Hint Réponse % Correct
Juglans Noix
99%
Pistacia vera Pistache
90%
Corylus avellana Noisette
86%
Cocos nucifera Noix de coco
82%
Prunus dulcis Amande
77%
Anacardium occidentale Noix de cajou
75%
Arachis hypogaea Cacahuète
73%
Macadamia integrifolia Noix de macadamia
72%
Carya Illinoinensis Noix de pécan
52%
Pinaceae Pignon de pin
21%
Bertholettia excelsa Noix du Brésil
17%
Gevuina avellana Noisette chilienne
1%
Aucun quiz correspondant
Distribution des résultats
% des personnes avec chaque résultat
Percentile par nombre de réponses
Votre historique - résultats
Vous n’avez pas pris ce quiz